000 00916nam a2200229Ia 4500
001 17057
003 GE_BSU
008 181216s||||||||xx |||||||||||||| ||und||
040 _cGE_BSU
080 _a821.353.1(092ამირეჯიბი, ჭ.)
100 _aამირეჯიბი, ჭ. (ჭაბუა, 1921-2013)
245 _aახალი დიდი წიგნიდან
245 _b7 ეპიზოდი რომანიდან "გორა მბორგალი
245 _cშემდგ. და რედ.-გამომც. მურმან ლებანიძე ; მხატვ. გოგი წერეთელი
260 _aთბილისი
260 _bჩანგი
260 _c1995
300 _a280 გვ. ; 15 სმ.
653 _aახალი დიდი წიგნიდან
653 _aრომანი
942 _cBK
999 _c50119
_d50119